| 000 | 01041cam a22002174a 4500 | ||
|---|---|---|---|
| 005 | 20250605163931.0 | ||
| 008 | 250528s ||||||||||||||||||||||||d | ||
| 035 | _a14685 | ||
| 020 | _a748759786 | ||
| 040 |
_aGR-AtMCL _bgre _dGR-AtMCL _eAACR2 |
||
| 245 | 1 | _aAngles on Environmental Psychology | |
| 260 | _c2002 | ||
| 300 | _a246 | ||
| 520 | _aThis book provides a concise analysis of classic and current research and examines how the spaces in which we live affect both individuals and society. Acknowledgements, Coverage of Exam Board Specifications, Personal Space and Territoriality, Architecture and Behavior: Housing Design and Urban Renewal, Stress and the Environment, High-Density Living, Encouraging Environmentally Responsible Behavior, Climate and Weather, Environmental Disaster and Technological Catastrophe, Environmental Cognition, Glossary, References, Index. | ||
| 700 | 1 |
_aNelson Thornes _9429 |
|
| 700 | 1 |
_aRoberts Craig _9430 |
|
| 700 | 1 |
_aRussell Julia _9431 |
|
| 942 | _cBK | ||
| 999 |
_c307 _d307 |
||